| 000 | 00471nam a22001817a 4500 | ||
|---|---|---|---|
| 003 | MPLRDC | ||
| 005 | 20220104123803.0 | ||
| 008 | 210129b ||||| |||| 00| 0 eng d | ||
| 020 | _a962-8004-06-9 | ||
| 082 | _a856.9 DSCK v.6 | ||
| 100 | _a麦成辉编辑 | ||
| 245 |
_a生活在不可理解之中 _c |
||
| 260 |
_a _b城市资信有限公司 _c1994 |
||
| 300 | _b平 | ||
| 490 | _a读书丛刊. 6 | ||
| 650 | _a函牍及杂著--杂项 | ||
| 942 |
_cBK _o856.9 DSCK v.6 |
||
| 999 |
_c14189 _d14179 |
||